[Event "St Petersburg June op"]
[Site "St Petersburg"]
[Date "2008.06.26"]
[Round "6"]
[White "Penkov, Aleksey"]
[Black "Gavriushov, Andrey"]
[Result "1-0"]
[WhiteElo "2027"]
[BlackElo "2138"]
[PlyCount "87"]
[EventDate "2008.06.21"]
[EventType "swiss"]
[EventRounds "9"]
[EventCountry "RUS"]
[SourceTitle "CBM 125 Extra"]
[Source "ChessBase"]
[SourceDate "2008.09.01"]
[SourceVersion "1"]
[SourceVersionDate "2008.09.01"]
[SourceQuality "1"]

1. e4 g6 2. d4 Bg7 3. Be3 Nf6 4. Nc3 d6 5. h3 a6 6. f4 b5 7. e5 Nfd7 8. Qf3 c6 9. Ne4 Nb6 10. g4 Bb7 11. Bg2 Nc4 12. b3 Nxe3 13. Qxe3 Qb6 14. Nf6+ Kd8 15. Ne4 Nd7 16. 0-0-0 Kc7 17. Re1 Qa5 18. Kb1 Qa3 19. c3 a5 20. Nf3 b4 21. Ned2 bxc3 22. Qxc3 Qb4 23. Qb2 a4 24. a3 Qb6 25. b4 Rhe8 26. Nc4 Qb5 27. Qc3 Nb6 28. Ne3 Nd5 29. Nxd5+ Qxd5 30. Re3 Rac8 31. Rhe1 Ba6 32. Rc1 Kb6 33. Ne1 Qb5 34. exd6 exd6 35. Rxe8 Rxe8 36. Bxc6 Rxe1 37. Bxb5 Rxc1+ 38. Kxc1 Bxb5 39. Kd2 h5 40. g5 f6 41. d5 Bd7 42. gxf6 Bh6 43. Ke3 Be8 44. Qc8 1-0

[Event "St Petersburg June op"]
[Site "St Petersburg"]
[Date "2008.06.25"]
[Round "5"]
[White "Gavriushov, Andrey"]
[Black "Khatenever, Feliks"]
[Result "1-0"]
[WhiteElo "2138"]
[BlackElo "1980"]
[PlyCount "143"]
[EventDate "2008.06.21"]
[EventType "swiss"]
[EventRounds "9"]
[EventCountry "RUS"]
[SourceTitle "CBM 125 Extra"]
[Source "ChessBase"]
[SourceDate "2008.09.01"]
[SourceVersion "1"]
[SourceVersionDate "2008.09.01"]
[SourceQuality "1"]

1. Nf3 c5 2. e4 e6 3. d3 d5 4. Nbd2 Nf6 5. Qe2 Nc6 6. g3 Be7 7. Bg2 0-0 8. e5 Nd7 9. 0-0 Qc7 10. Re1 b5 11. Nf1 Bb7 12. Bf4 Qb6 13. h4 Rfe8 14. N1h2 f6 15. exf6 Bxf6 16. c3 e5 17. Ng5 Ne7 18. Bh3 Bxg5 19. Bxg5 Nf6 20. Qxe5 Ng6 21. Be6+ Kh8 22. Qf5 Rf8 23. Qh3 Rae8 24. h5 Ne7 25. h6 Neg8 26. hxg7+ Kxg7 27. Re5 Bc8 28. Rae1 Qd6 29. Bf4 Qd8 30. Bxc8 Qxc8 31. Qh4 Qd7 32. Nf3 Kh8 33. Qg5 Qg7 34. Rxe8 Qxg5 35. Nxg5 Nxe8 36. Ne6 Rf7 37. Be5+ Ngf6 38. Nxc5 Kg8 39. Bxf6 Nxf6 40. Re6 Ng4 41. f4 Kg7 42. Kg2 a5 43. a4 bxa4 44. Nxa4 Rb7 45. Rd6 Rb5 46. Kf3 Nf6 47. g4 h6 48. g5 hxg5 49. fxg5 Ne8 50. Rd7+ Kg6 51. Kf4 d4 52. Rd8 Rf5+ 53. Ke4 Ng7 54. Rg8 Rxg5 55. cxd4 Kf7 56. Ra8 Rg4+ 57. Kd5 Rg5+ 58. Kc4 Ne6 59. Nc5 Nf4 60. Rxa5 Rg2 61. Ne4 Ke7 62. b4 Rc2+ 63. Kb3 Re2 64. Re5+ Kd8 65. Nc5 Rh2 66. Rf5 Ne2 67. Kc4 Ng3 68. Rf3 Ne2 69. d5 Nc1 70. d6 Ke8 71. d7+ Ke7 72. Re3+ 1-0

[Event "St Petersburg June op"]
[Site "St Petersburg"]
[Date "2008.06.22"]
[Round "2"]
[White "Biriukov, Oleg V"]
[Black "Gavriushov, Andrey"]
[Result "1-0"]
[WhiteElo "2391"]
[BlackElo "2138"]
[PlyCount "71"]
[EventDate "2008.06.21"]
[EventType "swiss"]
[EventRounds "9"]
[EventCountry "RUS"]
[SourceTitle "CBM 125 Extra"]
[Source "ChessBase"]
[SourceDate "2008.09.01"]
[SourceVersion "1"]
[SourceVersionDate "2008.09.01"]
[SourceQuality "1"]

1. d4 g6 2. e4 Bg7 3. c4 d6 4. Nc3 Nf6 5. Be2 0-0 6. Nf3 e5 7. 0-0 Nc6 8. d5 Ne7 9. Ne1 Nd7 10. Nd3 f5 11. Bd2 Nf6 12. f3 f4 13. c5 g5 14. Rc1 Ng6 15. Nb5 Rf7 16. Ba5 dxc5 17. Nxc5 b6 18. Ne6 Bxe6 19. dxe6 Re7 20. Nxc7 bxa5 21. Nxa8 Qxa8 22. Ba6 Qf8 23. Qa4 h5 24. Rfd1 Kh7 25. Rc8 Re8 26. Rxe8 Nxe8 27. Qxa5 Nf6 28. b4 Qe7 29. Bc4 g4 30. Qc5 Qb7 31. Rd8 Nh4 32. Be2 a5 33. b5 Ng6 34. b6 Nxe4 35. Qc7 gxf3 36. Qxb7 1-0

[Event "St Petersburg Autumn op"]
[Site "St Petersburg"]
[Date "2005.11.01"]
[Round "4"]
[White "Kostrov, Yaroslav"]
[Black "Gavriushov, Andrey"]
[Result "1/2-1/2"]
[WhiteElo "2023"]
[BlackElo "2183"]
[PlyCount "156"]
[EventDate "2005.10.29"]
[EventType "swiss"]
[EventRounds "9"]
[EventCountry "RUS"]
[SourceTitle "EXT 2006"]
[Source "ChessBase"]
[SourceDate "2005.11.24"]
[SourceVersion "1"]
[SourceVersionDate "2005.11.24"]
[SourceQuality "1"]

1. b4 Nf6 2. Bb2 g6 3. e3 Bg7 4. Nf3 0-0 5. c4 a5 6. b5 d6 7. d4 Nbd7 8. Be2 e5 9. a4 e4 10. Nfd2 Re8 11. Nc3 Nf8 12. Qc2 Bf5 13. h3 h5 14. Nb3 c6 15. Ba3 Qc7 16. Rb1 Ne6 17. Qd1 Ng5 18. Qd2 Bf8 19. h4 Ne6 20. bxc6 bxc6 21. d5 Nc5 22. 0-0 Nxb3 23. Rxb3 c5 24. Nb5 Qd8 25. Bb2 Nd7 26. g3 Ne5 27. Bxe5 Rxe5 28. Rfb1 g5 29. hxg5 Qxg5 30. Kg2 h4 31. Rh1 hxg3 32. fxg3 Bg6 33. Qe1 Qe7 34. Rh4 Rg5 35. Rg4 Rxg4 36. Bxg4 Bg7 37. Qf2 Qg5 38. Qf4 Qxf4 39. gxf4 Rb8 40. Bd7 Bh5 41. Rb1 Bf6 42. Rg1 Kf8 43. Bf5 Bf3+ 44. Kf1 Ke7 45. Bg4 Rh8 46. Bxf3 exf3 47. Kf2 Rh3 48. Rf1 Bh4+ 49. Kg1 f2+ 50. Kg2 Rxe3 51. Na7 Kf6 52. Nc8 Kf5 53. Nxd6+ Kxf4 54. Nb7 Re8 55. Nxc5 Rg8+ 56. Kh3 Rh8 57. Kg2 Rg8+ 58. Kh3 Bg3 59. Kg2 Bh2+ 60. Kxf2 Rc8 61. d6 Ke5 62. d7 Rd8 63. Re1+ Kd4 64. Re8 Bc7 65. Rxd8 Bxd8 66. Nb7 Bh4+ 67. Kf3 Kxc4 68. Nxa5+ Kb4 69. Nc6+ Kxa4 70. Kg4 Bf6 71. Kf5 Bh4 72. Ne5 Kb5 73. Nxf7 Kc6 74. Ke6 Kc7 75. Ne5 Kd8 76. Nc4 Bg3 77. Na5 Bh4 78. Nc6+ Kc7 1/2-1/2

[Event "St Petersburg Autumn op"]
[Site "St Petersburg"]
[Date "2005.10.29"]
[Round "1"]
[White "Gavriushov, Andrey"]
[Black "Mukha, Aleksey"]
[Result "1-0"]
[WhiteElo "2183"]
[BlackElo "1845"]
[PlyCount "57"]
[EventDate "2005.10.29"]
[EventType "swiss"]
[EventRounds "9"]
[EventCountry "RUS"]
[SourceTitle "EXT 2006"]
[Source "ChessBase"]
[SourceDate "2005.11.24"]
[SourceVersion "1"]
[SourceVersionDate "2005.11.24"]
[SourceQuality "1"]

1. Nf3 Nf6 2. g3 b6 3. Bg2 Bb7 4. 0-0 e6 5. d3 d6 6. Nbd2 Be7 7. e4 Nbd7 8. h3 0-0 9. Qe2 c5 10. Nh2 d5 11. e5 Ne8 12. f4 Qc7 13. Ndf3 d4 14. Bd2 Bd5 15. Rae1 Rd8 16. g4 c4 17. b3 Bc5 18. f5 cxd3 19. cxd3 a5 20. Bg5 f6 21. fxe6 Bxf3 22. Nxf3 Nxe5 23. Nxe5 fxg5 24. Rf7 Be7 25. Nc6 Rxf7 26. exf7+ Kxf7 27. Qe6+ Kf8 28. Nxd8 Qd6 29. Qf7# 1-0

[Event "St Petersburg Chigorin CC-ch"]
[Site "St Petersburg"]
[Date "2005.05.20"]
[Round "5"]
[White "Gavriushov, Andrey"]
[Black "Golovankov, Vladimir"]
[Result "1-0"]
[WhiteElo "2189"]
[BlackElo "2321"]
[PlyCount "95"]
[EventDate "2005.05.16"]
[EventType "swiss"]
[EventRounds "9"]
[EventCountry "RUS"]
[SourceTitle "EXT 2006"]
[Source "ChessBase"]
[SourceDate "2005.11.24"]
[SourceVersion "1"]
[SourceVersionDate "2005.11.24"]
[SourceQuality "1"]

1. Nf3 d6 2. c4 Nf6 3. g3 e5 4. d3 Be7 5. Bg2 0-0 6. 0-0 c6 7. b3 Nbd7 8. Bb2 Re8 9. Nbd2 Bf8 10. Qc2 a5 11. a3 d5 12. Rfd1 d4 13. e3 c5 14. e4 g6 15. a4 Nh5 16. Rf1 f5 17. exf5 gxf5 18. Rae1 Bg7 19. Qd1 Nhf6 20. Bc1 Ng4 21. Nh4 Ndf6 22. h3 Nh6 23. f4 exf4 24. Rxf4 Ra6 25. Rf2 Rxe1+ 26. Qxe1 Re6 27. Re2 Rxe2 28. Qxe2 Nf7 29. Ndf3 Qb6 30. Ng5 h6 31. Nxf7 Kxf7 32. Bf4 Qe6 33. Qxe6+ Kxe6 34. Bc7 Bf8 35. Ng6 Bd6 36. Nf4+ Ke7 37. Bxa5 Bxf4 38. gxf4 Nh5 39. Bc7 Ng7 40. Be5 Ne6 41. Bf3 Nd8 42. Bg7 Nf7 43. a5 Ke8 44. Kf2 Ke7 45. Kg3 Nd6 46. Bxh6 Ne8 47. Bg5+ Nf6 48. Bd5 1-0

[Event "Chigorin Memorial 12th"]
[Site "St Petersburg"]
[Date "2004.10.24"]
[Round "9"]
[White "Bashkirov, Valentin"]
[Black "Gavriushov, Andrey"]
[Result "1-0"]
[WhiteElo "2076"]
[BlackElo "2239"]
[PlyCount "71"]
[EventDate "2004.10.16"]
[EventType "swiss"]
[EventRounds "9"]
[EventCountry "RUS"]
[SourceTitle "EXT 2005"]
[Source "ChessBase"]
[SourceDate "2004.11.15"]
[SourceVersion "1"]
[SourceVersionDate "2004.11.15"]
[SourceQuality "1"]

1. d4 g6 2. e4 d6 3. Nc3 Bg7 4. g3 c6 5. Bg2 Nd7 6. Nge2 Ngf6 7. 0-0 0-0 8. a4 e5 9. a5 Re8 10. h3 Qc7 11. Be3 Nf8 12. Qd2 Bd7 13. b4 b6 14. axb6 axb6 15. dxe5 dxe5 16. Rfd1 Ne6 17. g4 Rxa1 18. Rxa1 Bc8 19. b5 c5 20. g5 Nh5 21. Nd5 Qb8 22. Bf3 Nhf4 23. Bxf4 exf4 24. Nf6+ Bxf6 25. gxf6 Ng5 26. Qc3 Nxh3+ 27. Kg2 g5 28. Ng1 g4 29. Nxh3 gxh3+ 30. Kh2 Kh8 31. Rg1 Qd6 32. Rg5 Bb7 33. e5 Qc7 34. Bxb7 Qxb7 35. Qxh3 f3 36. Qh6 1-0

[Event "Chigorin Memorial 12th"]
[Site "St Petersburg"]
[Date "2004.10.19"]
[Round "4"]
[White "Lychik, Robert Ivanovich"]
[Black "Gavriushov, Andrey"]
[Result "0-1"]
[WhiteElo "2046"]
[BlackElo "2239"]
[PlyCount "102"]
[EventDate "2004.10.16"]
[EventType "swiss"]
[EventRounds "9"]
[EventCountry "RUS"]
[SourceTitle "EXT 2005"]
[Source "ChessBase"]
[SourceDate "2004.11.15"]
[SourceVersion "1"]
[SourceVersionDate "2004.11.15"]
[SourceQuality "1"]

1. e4 d6 2. d4 g6 3. f4 Bg7 4. Nf3 c6 5. Nc3 Bg4 6. Be2 Qb6 7. e5 Nd7 8. h3 Bxf3 9. Bxf3 Rd8 10. exd6 Bxd4 11. Na4 Qa5+ 12. c3 Bf6 13. 0-0 exd6 14. b3 Qc7 15. Ba3 c5 16. Rc1 Ne7 17. Qd3 0-0 18. Rfd1 Nb8 19. Nb2 d5 20. g3 b6 21. Kg2 Nbc6 22. Rd2 Rfe8 23. Nd1 d4 24. c4 Nf5 25. Nf2 Re3 26. Qb1 Rde8 27. Ng4 Bh4 28. Nxe3 Rxe3 29. Re1 Bxg3 30. Rxe3 dxe3 31. Rd5 Qxf4 32. Rxf5 gxf5 33. Qf1 Nd4 34. Bc1 Nxf3 35. Qxf3 Qxf3+ 36. Kxf3 f4 37. Bxe3 fxe3 38. Kxg3 Kg7 39. Kf3 f5 40. Kxe3 Kf6 41. Kf4 a6 42. a3 a5 43. h4 h6 44. a4 Ke6 45. Kf3 Ke5 46. Ke3 f4+ 47. Kf2 Ke4 48. Ke2 f3+ 49. Ke1 Ke3 50. h5 f2+ 51. Kf1 Kf3 0-1